[Event "Frankfurt Ch 2011"]
[Site "Ffm-Kalbach, LAZ"]
[Date "2011.06.06"]
[Round "6.1"]
[White "Zude, Erik"]
[Black "Khenkin, Igor"]
[Result "0-1"]
[WhiteElo "2409"]
[BlackElo "2625"]
[PlyCount "71"]
[EventDate "2011.??.??"]
[WhiteTeam "SV 1920 Hofheim"]
[BlackTeam "Wiesbadener SV 1885"]

1. d4 Nf6 2. c4 e6 3. Nc3 Bb4 4. e3 O-O 5. Bd3 c5 6. Nf3 d5 7. O-O cxd4 8. exd4
dxc4 9. Bxc4 a6 10. Bg5 b5 11. Bb3 Bb7 12. Qd3 Nbd7 13. Rad1 Rc8 14. Rfe1 h6
15. Bf4 Nd5 16. Bd2 Nxc3 17. Bc2 Be4 18. Rxe4 Nxe4 19. Bxb4 Nef6 20. Bxf8 Qxf8
21. Ne5 Qd6 22. f4 a5 23. h3 a4 24. Rd2 Qd5 25. b3 a3 26. b4 Nb6 27. Bb3 Qe4
28. Qxe4 Nxe4 29. Re2 Rc1+ 30. Kh2 Nc3 31. Rf2 Rb1 32. f5 Rxb3 33. fxe6 fxe6
34. axb3 a2 35. Rf1 Nb1 36. Ng6 0-1

[Event "Frankfurt Ch 2011"]
[Site "Ffm-Kalbach, LAZ"]
[Date "2011.06.06"]
[Round "6.2"]
[White "Poetsch, Hagen"]
[Black "Stockmann, Michael"]
[Result "1/2-1/2"]
[WhiteElo "2415"]
[BlackElo "2255"]
[PlyCount "113"]
[EventDate "2011.??.??"]
[WhiteTeam "Sfr. Schöneck"]
[BlackTeam "Sfr. Schöneck"]

1. e4 d5 2. exd5 Qxd5 3. Nc3 Qd6 4. d4 c6 5. Bg5 Bf5 6. Qd2 e6 7. Nf3 Qc7 8.
O-O-O Nf6 9. Nh4 Bg6 10. Bc4 Nbd7 11. Bf4 Qa5 12. Nxg6 hxg6 13. Qe2 O-O-O 14.
Rd3 Nh5 15. Bd2 Qc7 16. Qf3 Nb6 17. Bb3 Nf6 18. h3 Rh4 19. g4 Bd6 20. Bg5 Rh7
21. Ne4 Nbd7 22. Nxd6+ Qxd6 23. Bf4 Qe7 24. Rc3 Nb8 25. Re1 Rxd4 26. Be3 Rd7
27. Bxa7 Nd5 28. Rd3 Qb4 29. Re4 Qa5 30. Ra4 Qe1+ 31. Rd1 Qe5 32. Bxb8 Qxb8 33.
Rad4 Qh2 34. R4d3 Re7 35. Kb1 Rh8 36. c4 Nb4 37. Re3 g5 38. Qe2 Na6 39. Rf3 Qc7
40. Qe3 f6 41. c5 e5 42. Bc4 Qa5 43. Bxa6 Qxa6 44. Qd2 Qc4 45. Ra3 Kb8 46. Qa5
Rc8 47. Qa7+ Kc7 48. Rb3 Qa6 49. Qxa6 bxa6 50. Rb6 Rd7 51. Rxd7+ Kxd7 52. Rxa6
Ke6 53. b4 Kd5 54. a4 Rh8 55. a5 Rxh3 56. Rb6 Rh1+ 57. Kb2 1/2-1/2

[Event "Frankfurt Ch 2011"]
[Site "Ffm-Kalbach, LAZ"]
[Date "2011.06.06"]
[Round "6.3"]
[White "Telljohann, Sven"]
[Black "Zuyev, Igor"]
[Result "1/2-1/2"]
[WhiteElo "2415"]
[BlackElo "2348"]
[PlyCount "55"]
[EventDate "2011.??.??"]
[WhiteTeam "Sfr. Schöneck"]
[BlackTeam "SC Heusenstamm"]

1. b3 d5 2. Bb2 Bg4 3. g3 Nf6 4. Bg2 Nc6 5. h3 Bf5 6. Nf3 e6 7. c4 Bc5 8. O-O
O-O 9. d3 h6 10. Qc1 d4 11. Ba3 Bxa3 12. Nxa3 e5 13. Qb2 Qe7 14. Nc2 Rfd8 15.
Rad1 a5 16. Rfe1 Qc5 17. a3 Qd6 18. b4 axb4 19. axb4 Re8 20. e3 dxe3 21. Nxe3
Bg6 22. c5 Qe6 23. Nc4 Bxd3 24. Ncxe5 Be4 25. Nxc6 Qxc6 26. Nd4 Qd7 27. Ne2 Qf5
28. Nc3 1/2-1/2

[Event "Frankfurt Ch 2011"]
[Site "Ffm-Kalbach, LAZ"]
[Date "2011.06.06"]
[Round "6.4"]
[White "Milov, Leonid"]
[Black "Haasler, Andreas"]
[Result "1/2-1/2"]
[WhiteElo "2541"]
[BlackElo "2234"]
[PlyCount "106"]
[EventDate "2011.??.??"]
[WhiteTeam "SC Noris-Tarrasch Nürnberg 1873"]
[BlackTeam "Sfr.Heidesheim"]

1. e4 e5 2. Nf3 Nf6 3. Nc3 Bb4 4. Nxe5 O-O 5. Be2 Re8 6. Nd3 Bxc3 7. dxc3 Nxe4
8. O-O d5 9. Nf4 c6 10. Be3 Nd6 11. Nh5 Nd7 12. Bf4 Ne5 13. h3 Bf5 14. Re1 Ne4
15. f3 Nf6 16. Ng3 Bg6 17. b3 h5 18. Qd2 Qa5 19. a4 Re6 20. Bg5 Nh7 21. Bh4 Nd7
22. f4 Be4 23. Nxe4 Rxe4 24. Bxh5 Nhf6 25. Bf3 Ree8 26. Qd4 c5 27. Qd3 c4 28.
Rxe8+ Rxe8 29. bxc4 Nc5 30. Qd4 Ne6 31. Qd2 dxc4 32. Kh2 Qc7 33. Bg3 Nc5 34.
Qd4 Nce4 35. Re1 Nxg3 36. Rxe8+ Nxe8 37. Kxg3 b6 38. Qd5 Nd6 39. Kh2 g6 40. Qe5
Qd7 41. Bd5 Qd8 42. Qg5 Qxg5 43. fxg5 a5 44. Kg3 b5 45. axb5 Nxb5 46. Kf4 Nxc3
47. Ke5 a4 48. Bxc4 a3 49. Kf6 Ne4+ 50. Ke7 Nxg5 51. Ba2 Kg7 52. h4 Ne4 53.
Bxf7 Nd6 1/2-1/2

[Event "Frankfurt Ch 2011"]
[Site "Ffm-Kalbach, LAZ"]
[Date "2011.06.06"]
[Round "6.5"]
[White "Isserman, Ryhor"]
[Black "Reschke, Stefan"]
[Result "1/2-1/2"]
[WhiteElo "2307"]
[BlackElo "2369"]
[PlyCount "71"]
[EventDate "2011.??.??"]
[WhiteTeam "SK Bad Homburg 1927"]
[BlackTeam "VSG 1880 Offenbach"]

1. e4 g6 2. d4 c6 3. Nc3 d5 4. h3 Bg7 5. Nf3 dxe4 6. Nxe4 Nf6 7. Nxf6+ exf6 8.
Bc4 O-O 9. O-O Nd7 10. Re1 Nb6 11. Bb3 a5 12. a4 Qc7 13. Bd2 Bf5 14. c4 Rfd8
15. Qe2 Bf8 16. Be3 Re8 17. Rac1 c5 18. Qd2 Bd7 19. Qc2 Rac8 20. Red1 Bf5 21.
Qc3 Nd7 22. d5 g5 23. Bc2 Bg6 24. Bxg6 hxg6 25. Bd2 b6 26. Re1 Bd6 27. Rxe8+
Rxe8 28. Re1 Rxe1+ 29. Bxe1 Ne5 30. Nxe5 Bxe5 31. Qb3 Bd4 32. Bc3 Qf4 33. Qc2
Qe5 34. Qd2 Bxc3 35. bxc3 Kf8 36. Qe3 1/2-1/2

[Event "Frankfurt Ch 2011"]
[Site "Ffm-Kalbach, LAZ"]
[Date "2011.06.06"]
[Round "6.6"]
[White "Voropaev, Gleb"]
[Black "Uwira, Oliver"]
[Result "1-0"]
[WhiteElo "2326"]
[BlackElo "2244"]
[PlyCount "69"]
[EventDate "2011.??.??"]
[WhiteTeam "SG Turm Idstein"]
[BlackTeam "SC 1961 König Nied"]

1. e4 c6 2. Nf3 d5 3. Nc3 Bg4 4. h3 Bxf3 5. Qxf3 e6 6. g3 Nf6 7. d3 Bb4 8. Bd2
d4 9. Nb1 Bxd2+ 10. Nxd2 Qb6 11. Rb1 Nbd7 12. Bg2 Qa5 13. a3 O-O 14. Qe2 e5 15.
O-O b5 16. f4 c5 17. h4 Rac8 18. Rf2 Qa6 19. Bh3 Rc7 20. g4 exf4 21. g5 Ne8 22.
Rxf4 Ne5 23. Rf5 Re7 24. Qh2 Qd6 25. Rbf1 g6 26. R5f2 f6 27. Nf3 fxg5 28. Nxe5
Rxf2 29. Qxf2 Rxe5 30. Qf7+ Kh8 31. Bd7 Nc7 32. h5 gxh5 33. Bf5 Qe7 34. Qxh5
Kg8 35. Bxh7+ 1-0

[Event "Frankfurt Ch 2011"]
[Site "Ffm-Kalbach, LAZ"]
[Date "2011.06.06"]
[Round "6.7"]
[White "Wornath, Kai"]
[Black "Kayser, Felix"]
[Result "0-1"]
[WhiteElo "2408"]
[BlackElo "2190"]
[PlyCount "82"]
[EventDate "2011.??.??"]
[WhiteTeam "TSV Schott Mainz"]
[BlackTeam "BSG Rheinpark"]

1. d4 d5 2. Nf3 Nf6 3. g3 g6 4. Bg2 Bg7 5. O-O O-O 6. c4 c6 7. b3 Nbd7 8. Bb2
Ne4 9. Nc3 Ndf6 10. Rc1 Bh6 11. e3 dxc4 12. Nxe4 Nxe4 13. bxc4 Bg7 14. Ne5 Nf6
15. Qb3 Qc7 16. d5 c5 17. f4 Ne8 18. e4 Rb8 19. Rfd1 Nd6 20. a4 f5 21. exf5
Nxf5 22. h4 Qb6 23. Rc3 Nd4 24. Qxb6 axb6 25. Rxd4 cxd4 26. Rb3 Ra8 27. Bxd4
Rxa4 28. Bf1 Ra6 29. Kf2 Bf5 30. Ke3 Rfa8 31. Bb2 Bc2 32. Rb4 Bf5 33. Be2 h5
34. c5 bxc5 35. Bxa6 cxb4 36. Bxb7 Ra3+ 37. Bxa3 bxa3 38. d6 e6 39. Nc6 a2 40.
Ne7+ Kf7 41. Nxf5 gxf5 0-1

[Event "Frankfurt Ch 2011"]
[Site "Ffm-Kalbach, LAZ"]
[Date "2011.06.06"]
[Round "6.8"]
[White "Schramm, Christian"]
[Black "Minor, Samuel"]
[Result "1-0"]
[WhiteElo "2340"]
[BlackElo "2175"]
[PlyCount "47"]
[EventDate "2011.??.??"]
[WhiteTeam "SC 1959 Obernau"]
[BlackTeam "Wiesbadener SV 1885"]

1. e4 c5 2. Nf3 d6 3. d4 cxd4 4. Nxd4 Nf6 5. Nc3 Nc6 6. Bg5 e6 7. Bc4 Be7 8.
Qd2 O-O 9. O-O-O a6 10. f4 Bd7 11. Bb3 Nxd4 12. Qxd4 Bc6 13. Rhe1 Qa5 14. Kb1
Rfd8 15. f5 Rac8 16. Qd2 Bd7 17. Nd5 Qxd2 18. Nxe7+ Kf8 19. Bxd2 Kxe7 20. Ba5
Rh8 21. Bb4 Ne8 22. e5 Rc6 23. exd6+ Nxd6 24. Rxd6 1-0

[Event "Frankfurt CH 2011"]
[Site "?"]
[Date "2011.06.06"]
[Round "6.9"]
[White "Legde, Georg"]
[Black "Henrich, Thomas"]
[Result "0-1"]
[WhiteElo "2347"]
[BlackElo "2209"]
[PlyCount "106"]
[EventDate "2011.06.07"]

1. Nf3 Nf6 2. c4 d6 3. d4 Nbd7 4. Nc3 e5 5. g3 g6 6. Bg2 Bg7 7. O-O O-O 8. e3
Re8 9. a4 exd4 10. exd4 d5 11. cxd5 Nb6 12. Qb3 Nbxd5 13. Ne5 c6 14. a5 Qc7 15.
Bxd5 Nxd5 16. Nxd5 cxd5 17. Bf4 g5 18. Bd2 Bxe5 19. dxe5 Qc4 20. Qe3 h6 21. f4
Qe4 22. Qf2 Bh3 23. fxg5 Bxf1 24. Rxf1 Qg6 25. gxh6 Rxe5 26. Bc3 Re4 27. h7+
Kxh7 28. Qxf7+ Qxf7 29. Rxf7+ Kg6 30. Rg7+ Kf5 31. Kf2 d4 32. Bd2 Rae8 33. Kf3
Re2 34. Bf4 Rxb2 35. Rg5+ Kf6 36. Rd5 Rb3+ 37. Kg4 d3 38. h4 Rg8+ 39. Kf3 Rc8
40. Ke3 Re8+ 41. Kf3 Re1 42. Bd2 Re2 43. Bg5+ Ke6 44. Rxd3 Rxd3+ 45. Kxe2 Rxg3
46. Be3 a6 47. h5 Rh3 48. h6 Kd5 49. Kd3 Rh5 50. Kc2 Kc4 51. Bd2 Rh2 52. Kc1
Kd3 53. Bf4 Rh5 0-1

[Event "Frankfurt Ch 2011"]
[Site "Ffm-Kalbach, LAZ"]
[Date "2011.06.06"]
[Round "6.10"]
[White "Röschlau, Bernd"]
[Black "Gohil, Harry"]
[Result "0-1"]
[WhiteElo "2226"]
[BlackElo "2302"]
[PlyCount "71"]
[EventDate "2011.??.??"]
[WhiteTeam "SC Brett vor'm Kopp Ffm"]
[BlackTeam "TSV Schott Mainz"]

1. e4 c5 2. Ne2 Nc6 3. d4 cxd4 4. Nxd4 e5 5. Nb5 d6 6. N1a3 a6 7. Nc3 Be7 8.
Nd5 Nf6 9. Nxf6+ Bxf6 10. Nc4 Be7 11. Be3 Be6 12. Be2 O-O 13. O-O Rb8 14. Bb6
Qd7 15. Qd2 Bd8 16. Qe3 Bxb6 17. Nxb6 Qc7 18. Bd3 Nb4 19. Rfc1 a5 20. a3 Na6
21. Be2 Nc5 22. Nd5 Bxd5 23. exd5 f5 24. b4 Nd7 25. c4 b6 26. Bf1 Kh8 27. Qh3
Rf6 28. Qh5 e4 29. Rc3 Rbf8 30. Rd1 Qd8 31. Qh4 Qe8 32. Qf4 Ne5 33. bxa5 Qa4
34. Rb1 Qxa5 35. Rcb3 Nd7 36. Rb4 {ZÜ} 0-1

[Event "Frankfurt Ch 2011"]
[Site "Ffm-Kalbach, LAZ"]
[Date "2011.06.06"]
[Round "6.11"]
[White "Chandler, Patrick"]
[Black "Meyer, Kai-Christian"]
[Result "0-1"]
[WhiteElo "2220"]
[BlackElo "2170"]
[PlyCount "116"]
[EventDate "2011.??.??"]
[WhiteTeam "Sfr. Neuberg"]
[BlackTeam "Sfr. Schöneck"]

1. d4 d5 2. Nf3 Nf6 3. Bg5 Ne4 4. Bf4 c5 5. dxc5 Nc6 6. e3 Bg4 7. Be2 e6 8. O-O
Bxc5 9. c4 O-O 10. h3 Bf5 11. cxd5 exd5 12. Nc3 d4 13. Nxe4 Bxe4 14. Nd2 Bf5
15. e4 Be6 16. Bg4 Qf6 17. Bg3 Rfd8 18. a3 Bxg4 19. Qxg4 d3 20. b4 Be7 21. Rad1
Nd4 22. Nb1 Ne2+ 23. Kh2 a5 24. b5 a4 25. Kh1 Qb6 26. Be5 f6 27. Ba1 Qxb5 28.
f4 Qd7 29. Rf3 Qxg4 30. hxg4 Rac8 31. e5 Rc1 32. Rxc1 Nxc1 33. Bc3 fxe5 34.
fxe5 Nb3 35. Rf1 b5 36. g3 Rf8 37. Rd1 Rf2 38. e6 h6 39. Be1 Rf3 40. Kg2 Re3
41. Bf2 Rxe6 42. Rxd3 b4 43. axb4 Bxb4 44. Rd8+ Kf7 45. Rb8 Re4 46. Kf3 Rc4 47.
Ra8 Na5 48. Bb6 a3 49. Nxa3 Rc3+ 50. Kg2 Rxa3 51. Ra7+ Kg6 52. Bd4 Bf8 53. Ra6+
Kh7 54. Bb2 Ra2 55. g5 Rxb2+ 56. Kh3 Rb5 57. gxh6 gxh6 58. Ra7+ Bg7 0-1

[Event "Frankfurt Ch 2011"]
[Site "Ffm-Kalbach, LAZ"]
[Date "2011.06.06"]
[Round "6.12"]
[White "Fußnecker, Manfred"]
[Black "Margolin, Boris"]
[Result "0-1"]
[WhiteElo "1999"]
[BlackElo "2440"]
[PlyCount "72"]
[EventDate "2011.??.??"]
[WhiteTeam "SC Matt im Park Ffm"]
[BlackTeam "SV Oberursel"]

1. e4 g6 2. d4 Bg7 3. Nc3 d5 4. e5 Nh6 5. f4 Bg4 6. Nf3 Nf5 7. Be2 Nc6 8. h3
Bxf3 9. Bxf3 e6 10. Ne2 Qh4+ 11. Kf1 f6 12. c3 fxe5 13. fxe5 O-O 14. Qe1 Qe7
15. Kg1 Nh4 16. Qg3 Nxf3+ 17. gxf3 Qf7 18. Rh2 Qxf3 19. Qxf3 Rxf3 20. Nf4 Rf8
21. Nxe6 Rf1+ 22. Kg2 R8f2+ 23. Kg3 Rf3+ 24. Kg2 R3f2+ 25. Kg3 Rf7 26. Re2 Ne7
27. Kg2 Bh6 28. Bxh6 Rxa1 29. Bg5 c6 30. Nd8 Rxa2 31. e6 Rg7 32. Nf7 Nf5 33.
Nd8 Kf8 34. e7+ Ke8 35. Nxb7 h6 36. Bf6 Rf7 0-1

[Event "Frankfurt Ch 2011"]
[Site "Ffm-Kalbach, LAZ"]
[Date "2011.06.06"]
[Round "6.13"]
[White "Prenzler, Daniel"]
[Black "Bagatsch, Thomas"]
[Result "1-0"]
[WhiteElo "2197"]
[BlackElo "2116"]
[PlyCount "79"]
[EventDate "2011.??.??"]
[WhiteTeam "SV Griesheim(DA)"]
[BlackTeam "SC Brett vor'm Kopp Ffm"]

1. e4 e5 2. Nf3 Nc6 3. d4 exd4 4. Nxd4 Nf6 5. Nxc6 bxc6 6. e5 Nd5 7. c4 Bb4+ 8.
Nd2 Nf4 9. a3 Bxd2+ 10. Qxd2 Ng6 11. Be2 Nxe5 12. Qc3 Qf6 13. f4 Ng6 14. Qxf6
gxf6 15. Bd2 O-O 16. O-O d5 17. Ba5 Ba6 18. Bxc7 Rfe8 19. Rae1 Rxe2 20. Rxe2
Bxc4 21. Rc2 Bxf1 22. Kxf1 Rc8 23. Bd6 f5 24. b4 a6 25. a4 Nf8 26. b5 Nd7 27.
Rxc6 Rxc6 28. bxc6 Nb6 29. Bc5 Nc8 30. Ke2 Kg7 31. Ke3 Kf6 32. Kd4 Ke6 33. a5
Nd6 34. Bxd6 Kxd6 35. c7 Kxc7 36. Kxd5 Kd7 37. h4 h5 38. Ke5 Kc6 39. Kxf5 Kb5
40. g4 1-0

[Event "Frankfurt Ch 2011"]
[Site "Ffm-Kalbach, LAZ"]
[Date "2011.06.06"]
[Round "6.14"]
[White "Kuhn, Gerhard"]
[Black "Klyszcz, Michael"]
[Result "0-1"]
[WhiteElo "2110"]
[BlackElo "2064"]
[PlyCount "58"]
[EventDate "2011.??.??"]
[WhiteTeam "SK Marburg 1931/72"]
[BlackTeam "SG 1871 Löberitz"]

1. e4 e5 2. Nf3 Nc6 3. Nc3 Nf6 4. d4 exd4 5. Nd5 Nb4 6. Nxd4 Nbxd5 7. exd5 Nxd5
8. Nf5 Ne7 9. Bg5 f6 10. Bxf6 gxf6 11. Qh5+ Ng6 12. O-O-O d5 13. Nh4 Bg7 14.
Rxd5 Qe7 15. Bc4 Bd7 16. Nxg6 hxg6 17. Qxg6+ Kf8 18. Rhd1 Be8 19. Qg3 Rh5 20.
R5d3 Rg5 21. Qh3 Rh5 22. Qf3 Bh6+ 23. Kb1 Rc5 24. Bb3 Rb8 25. g4 Bb5 26. Rd4
Re5 27. h4 Be2 28. Qc3 Bxd1 29. Qc4 Bxc2+ 0-1

[Event "Frankfurt Ch 2011"]
[Site "Ffm-Kalbach, LAZ"]
[Date "2011.06.06"]
[Round "6.15"]
[White "Ochmann, Reimund"]
[Black "Benninger, Rudolf"]
[Result "0-1"]
[WhiteElo "2097"]
[BlackElo "2154"]
[PlyCount "76"]
[EventDate "2011.??.??"]
[WhiteTeam "SK Langen"]
[BlackTeam "SC Heusenstamm"]

1. e4 g6 2. d4 Bg7 3. Nc3 c6 4. f4 d5 5. e5 Nh6 6. Nf3 Bg4 7. Be2 f6 8. O-O O-O
9. Be3 Nd7 10. Qe1 Nf5 11. Bf2 Bh6 12. Nh4 Bxe2 13. Nxe2 fxe5 14. Nxf5 Rxf5 15.
fxe5 e6 16. Qc3 Qg5 17. Qh3 Qh5 18. Qd3 Qg5 19. Qh3 Qh5 20. Qd3 Qg4 21. Ng3 Rf7
22. Be3 Bxe3+ 23. Qxe3 Raf8 24. Rxf7 Rxf7 25. Rf1 Rxf1+ 26. Nxf1 c5 27. dxc5
Qf5 28. c6 bxc6 29. Qxa7 Nxe5 30. Ng3 Qf4 31. b3 d4 32. Nf1 Ng4 33. Qa6 Qf2+
34. Kh1 Ne3 35. Nxe3 dxe3 36. Qc8+ Kg7 37. Qc7+ Kh6 38. h4 e2 0-1

[Event "Frankfurt Ch 2011"]
[Site "Ffm-Kalbach, LAZ"]
[Date "2011.06.06"]
[Round "6.16"]
[White "Schaack, Harry"]
[Black "Stock, Jürgen"]
[Result "1-0"]
[WhiteElo "2211"]
[BlackElo "1948"]
[PlyCount "45"]
[EventDate "2011.??.??"]
[WhiteTeam "Sfr. Schöneck"]
[BlackTeam "SC Eschborn 1974"]

1. e4 e6 2. d4 d5 3. e5 c5 4. c3 Qb6 5. Nf3 Bd7 6. a3 cxd4 7. cxd4 Bb5 8. Bxb5+
Qxb5 9. Nc3 Qc4 10. Be3 Nc6 11. Rc1 Nge7 12. Ne4 Qa6 13. Nd6+ Kd7 14. Nxf7 Rg8
15. N7g5 h6 16. Nh3 g5 17. Nhg1 Nf5 18. Ne2 g4 19. Nd2 Be7 20. O-O Raf8 21. Nb3
Nxe3 22. fxe3 Rf3 23. gxf3 1-0

[Event "Frankfurt Ch 2011"]
[Site "Ffm-Kalbach, LAZ"]
[Date "2011.06.06"]
[Round "6.17"]
[White "Koch, Markus"]
[Black "Rondonuwu, Grover"]
[Result "1-0"]
[WhiteElo "2111"]
[BlackElo "2020"]
[PlyCount "69"]
[EventDate "2011.??.??"]
[WhiteTeam "SC Brett vor'm Kopp Ffm"]
[BlackTeam "Frankfurter TV 1860"]

1. d4 f5 2. Nf3 Nf6 3. g3 g6 4. Bg2 Bg7 5. O-O d6 6. b4 O-O 7. Bb2 c6 8. c4 Na6
9. Qb3 Kh8 10. a4 Nc7 11. b5 Bd7 12. Nbd2 Qe8 13. Rfe1 h6 14. e4 fxe4 15. Nxe4
Qf7 16. Qe3 Rae8 17. Ned2 g5 18. Ra3 g4 19. Nh4 Ne6 20. f4 Nd8 21. Qe2 Qh5 22.
Re3 Kg8 23. Qd3 Rf7 24. Qb1 Bf8 25. Bf1 Rg7 26. Bd3 Kf7 27. Re5 dxe5 28. Rxe5
Kg8 29. Rxh5 Nxh5 30. Bg6 Nf6 31. Nf5 Rxg6 32. Nxe7+ Bxe7 33. Qxg6+ Kf8 34. d5
Bc5+ 35. Kf1 1-0

[Event "Frankfurt Ch 2011"]
[Site "Ffm-Kalbach, LAZ"]
[Date "2011.06.06"]
[Round "6.18"]
[White "Reschke, Thomas"]
[Black "Perlitz, Sven"]
[Result "1-0"]
[WhiteElo "2198"]
[BlackElo "2094"]
[PlyCount "55"]
[EventDate "2011.??.??"]
[WhiteTeam "SC Frankfurt-West"]
[BlackTeam "SC 1961 König Nied"]

1. g3 d5 2. Bg2 e5 3. c3 c6 4. d4 Nd7 5. dxe5 Nxe5 6. Nd2 Nf6 7. Ngf3 Nxf3+ 8.
Nxf3 Bd6 9. O-O O-O 10. b3 Bf5 11. Bb2 Qe7 12. Re1 Rad8 13. Nh4 Bc8 14. Qc2 Ne4
15. e3 f5 16. c4 Be6 17. cxd5 Bxd5 18. f3 Bxg3 19. Nxf5 Bxh2+ 20. Kxh2 Rxf5 21.
fxe4 Qh4+ 22. Kg1 Rh5 23. Re2 Be6 24. Rf2 Bg4 25. Qc4+ Kh8 26. Qf7 Rg8 27.
Qxg7+ Rxg7 28. Rf8# 1-0

[Event "Frankfurt Ch 2011"]
[Site "Ffm-Kalbach, LAZ"]
[Date "2011.06.06"]
[Round "6.19"]
[White "Wagner, Dirk"]
[Black "Heidel, Andre Nicolas"]
[Result "1-0"]
[WhiteElo "2038"]
[BlackElo "2170"]
[PlyCount "87"]
[EventDate "2011.??.??"]
[WhiteTeam "Sfr. Frankfurt 1921"]
[BlackTeam "SC 1959 Obernau"]

1. d4 d5 2. c4 c6 3. Nf3 Nf6 4. Nc3 dxc4 5. a4 Bf5 6. e3 e6 7. Bxc4 Bb4 8. O-O
O-O 9. Qe2 Nbd7 10. e4 Bg6 11. Bd3 Bh5 12. e5 Nd5 13. Nxd5 exd5 14. Qe3 Re8 15.
Ng5 Nf8 16. Qh3 Bg6 17. Bxg6 hxg6 18. f4 Be7 19. Be3 Qc8 20. Qg3 Qf5 21. Rf2
Rad8 22. Raf1 c5 23. Nf3 c4 24. h3 a6 25. a5 b5 26. axb6 Rb8 27. Bd2 Rxb6 28.
Bc3 Reb8 29. Qh2 Bb4 30. g4 Qd3 31. Ne1 Qe4 32. Re2 Qb1 33. Nc2 Qa2 34. Nxb4
Rxb4 35. Bxb4 Rxb4 36. f5 gxf5 37. gxf5 Rb6 38. Rg2 Qb3 39. Qf4 Qxh3 40. e6 Nh7
41. Rf3 Qh5 42. e7 f6 43. Qg4 Qxg4 44. e8=Q+ 1-0

[Event "Frankfurt Ch 2011"]
[Site "Ffm-Kalbach, LAZ"]
[Date "2011.06.06"]
[Round "6.20"]
[White "Rüger, Erhard"]
[Black "Thomele, Michael"]
[Result "1-0"]
[WhiteElo "2195"]
[BlackElo "1905"]
[PlyCount "51"]
[EventDate "2011.??.??"]
[WhiteTeam "SC Brett vor'm Kopp Ffm"]
[BlackTeam "SC 1959 Obernau"]

1. Nf3 d5 2. g3 Nc6 3. c4 d4 4. Bg2 Nf6 5. O-O e5 6. d3 Bd6 7. Na3 O-O 8. Nc2
h6 9. Bd2 a5 10. b3 Bf5 11. a3 Re8 12. Nh4 Bh7 13. b4 axb4 14. axb4 Rb8 15. b5
Ne7 16. Bb4 Nf5 17. Nxf5 Bxf5 18. Ra7 Bxb4 19. Nxb4 e4 20. h3 Qd6 21. Qb3 c5
22. bxc6 bxc6 23. c5 Qf8 24. Qc4 Rb5 25. Nxc6 Qxc5 26. Qxf7+ 1-0

[Event "Frankfurt Ch 2011"]
[Site "Ffm-Kalbach, LAZ"]
[Date "2011.06.06"]
[Round "6.21"]
[White "Tierling, Detlef"]
[Black "Bösch, Dirk"]
[Result "1/2-1/2"]
[WhiteElo "2036"]
[BlackElo "2109"]
[PlyCount "76"]
[EventDate "2011.??.??"]
[WhiteTeam "SV Griesheim(DA)"]
[BlackTeam "SK Ebringen"]

1. d4 d5 2. Nf3 Nf6 3. e3 g6 4. c4 Bg7 5. Nc3 O-O 6. Bd2 b6 7. Rc1 Bb7 8. cxd5
Nxd5 9. Bc4 Nf6 10. O-O Nbd7 11. Re1 Ne4 12. Nxe4 Bxe4 13. Ng5 Nf6 14. f3 Bd5
15. Nh3 Bxc4 16. Rxc4 Rc8 17. Qe2 Qd7 18. b3 Rfd8 19. Rd1 c5 20. Nf2 cxd4 21.
Rxd4 Qe6 22. Rxd8+ Rxd8 23. e4 Qc6 24. Kf1 Ne8 25. Be3 Rxd1+ 26. Qxd1 Nd6 27.
a4 Kf8 28. Qd3 Ke8 29. g4 Qc3 30. Qxc3 Bxc3 31. Ke2 Kd7 32. Kd3 Bb4 33. e5 Nb7
34. Ne4 Nc5+ 35. Nxc5+ Bxc5 36. Bxc5 bxc5 37. Ke4 e6 38. f4 h6 1/2-1/2

[Event "Frankfurt Ch 2011"]
[Site "Ffm-Kalbach, LAZ"]
[Date "2011.06.06"]
[Round "6.22"]
[White "Rutsatz, Mario"]
[Black "Schmitt, Hans Walter"]
[Result "1-0"]
[WhiteElo "1900"]
[BlackElo "2130"]
[PlyCount "79"]
[EventDate "2011.??.??"]
[WhiteTeam "vereinslos"]
[BlackTeam "Chess Tigers Schach-Förderverein"]

1. e4 d5 2. exd5 Nf6 3. d4 Bg4 4. f3 Bf5 5. Bb5+ Nbd7 6. Nc3 a6 7. Bd3 Bxd3 8.
Qxd3 Nb6 9. Nge2 Nbxd5 10. Nxd5 Nxd5 11. c4 Nf6 12. Qb3 Rb8 13. O-O e6 14. Bf4
Bd6 15. Rad1 O-O 16. Rfe1 b5 17. c5 Bxf4 18. Nxf4 c6 19. Nxe6 fxe6 20. Qxe6+
Kh8 21. Qxc6 Qc8 22. Qxc8 Rbxc8 23. Re6 a5 24. Rb6 b4 25. Rb5 Rfd8 26. Rxa5 h5
27. Kf2 Nd5 28. a3 bxa3 29. bxa3 Rc6 30. g3 Rb8 31. Rd2 Kh7 32. Ra7 Rb3 33. Rd7
Nf6 34. Ra7 Nd5 35. a4 Kh6 36. Rd7 Nf6 37. Rd8 Ra3 38. Rc2 Rxa4 39. d5 Rd4 40.
Rh8+ 1-0

[Event "Frankfurt Ch 2011"]
[Site "Ffm-Kalbach, LAZ"]
[Date "2011.06.06"]
[Round "6.23"]
[White "Mager, Denis"]
[Black "Rosa, Mike"]
[Result "0-1"]
[WhiteElo "1732"]
[BlackElo "2114"]
[PlyCount "70"]
[EventDate "2011.??.??"]
[WhiteTeam "TuS Makkabi Ffm"]
[BlackTeam "SC 1961 König Nied"]

1. d4 Nf6 2. c4 g6 3. Nc3 Bg7 4. e4 d6 5. f4 O-O 6. Nf3 c5 7. dxc5 dxc5 8. Qxd8
Rxd8 9. e5 Ne8 10. Nd5 Nc6 11. Be3 e6 12. Nc3 b6 13. Rd1 Rxd1+ 14. Kxd1 Bb7 15.
Be2 Rd8+ 16. Kc1 Nd4 17. Nxd4 cxd4 18. Rd1 Bxg2 19. Rxd4 Rxd4 20. Bxd4 Bh6 21.
Be3 f6 22. exf6 e5 23. Nd5 Bxd5 24. cxd5 Nxf6 25. Bf3 Bxf4 26. Bxf4 exf4 27.
Kd2 Kf7 28. Kd3 Ke7 29. Kd4 Kd6 30. h3 g5 31. b4 h5 32. a3 g4 33. hxg4 hxg4 34.
Be2 f3 35. Bc4 g3 0-1

[Event "Frankfurt Ch 2011"]
[Site "Ffm-Kalbach, LAZ"]
[Date "2011.06.06"]
[Round "6.24"]
[White "Kreiling, Carsten"]
[Black "Geringer, Waldemar"]
[Result "0-1"]
[WhiteElo "2129"]
[BlackElo "1956"]
[PlyCount "116"]
[EventDate "2011.??.??"]
[WhiteTeam "SVG Eppstein 1932"]
[BlackTeam "SG Rödermark/Eppertshausen"]

1. d4 Nf6 2. c4 g6 3. Nc3 Bg7 4. e4 d6 5. f3 O-O 6. Be3 c5 7. Nge2 Nbd7 8. Qd2
Re8 9. Rd1 b6 10. Nd5 Nxd5 11. cxd5 Ba6 12. Nc3 Bxf1 13. Rxf1 a6 14. Kf2 b5 15.
dxc5 Nxc5 16. Ne2 a5 17. Nd4 Qb6 18. Rc1 b4 19. Rc4 Rac8 20. Rfc1 Qa6 21. Kg1
Rc7 22. Nc6 Bxb2 23. Qxb2 Nd3 24. Qc2 Nxc1 25. Qxc1 Rb7 26. Qc2 Qb5 27. Kf2 h5
28. h4 Ra8 29. Nd4 Qd7 30. Nc6 Kh7 31. Bd4 e6 32. Bb2 exd5 33. exd5 Rb5 34. Qd3
Qf5 35. Qxf5 gxf5 36. Rd4 b3 37. axb3 Rxb3 38. Bc1 a4 39. Ne7 a3 40. Bxa3 Raxa3
41. Nxf5 Kg6 42. Nxd6 Rd3 43. Rf4 f6 44. Nc4 Ra2+ 45. Kg3 Rxd5 46. Ne3 Re5 47.
Nc4 Ree2 48. Rd4 Rxg2+ 49. Kf4 Ra4 50. Ke3 Rga2 51. Re4 Kg7 52. Kd3 Rf2 53. Ke3
Raa2 54. Kf4 Rac2 55. Ne3 Rc7 56. Nf5+ Kg6 57. Ne7+ Kf7 58. Nf5 Rfc2 0-1

[Event "Frankfurt Ch 2011"]
[Site "Ffm-Kalbach, LAZ"]
[Date "2011.06.06"]
[Round "6.25"]
[White "Larem, Peter"]
[Black "Drill, Frank"]
[Result "0-1"]
[WhiteElo "1919"]
[BlackElo "2141"]
[PlyCount "30"]
[EventDate "2011.??.??"]
[WhiteTeam "SG Rödermark/Eppertshausen"]
[BlackTeam "Sfr.Neuberg"]

1. e4 d6 2. d4 Nf6 3. Nc3 Nbd7 4. g4 h6 5. Nf3 e5 6. Rg1 c6 7. g5 hxg5 8. Bxg5
Qb6 9. Rb1 exd4 10. Nxd4 Ne5 11. Bxf6 gxf6 12. Na4 Qxd4 13. Qxd4 Nf3+ 14. Kd1
Nxd4 15. c3 Nf3 0-1

[Event "Frankfurt Ch 2011"]
[Site "Ffm-Kalbach, LAZ"]
[Date "2011.06.06"]
[Round "6.26"]
[White "Kuban, Günther"]
[Black "Zimmer, Gerald"]
[Result "1-0"]
[WhiteElo "2205"]
[BlackElo "1944"]
[PlyCount "63"]
[EventDate "2011.??.??"]
[WhiteTeam "SV Oberursel"]
[BlackTeam "SC Bergen-Enkheim 1922"]

1. e4 e6 2. c4 d5 3. cxd5 exd5 4. exd5 Nf6 5. Bb5+ Nbd7 6. Nc3 a6 7. Ba4 b5 8.
Bc2 Nb6 9. Qe2+ Qe7 10. a4 b4 11. a5 Qxe2+ 12. Ncxe2 Nbxd5 13. Nf3 Bd6 14. O-O
O-O 15. Ned4 Bd7 16. b3 Rfe8 17. Bb2 g6 18. Bd3 c5 19. Nc2 Bb5 20. Bc4 Bc6 21.
Ne3 Bb7 22. Rae1 Rad8 23. Ng5 Be7 24. h4 h6 25. Bxf6 Bxf6 26. Bxd5 Bxd5 27.
Nxd5 Be5 28. Rxe5 Rxe5 29. Nf6+ Kg7 30. Ng4 Red5 31. Nf3 f6 32. Ne3 {Rest
unklar!} 1-0